000 00275nam a2200121 a 4500
008 100920s1966|||| d
245 1 0 _aPenzión Bulanka
100 1 _aErpenbeck, Fritz
260 _bSmena
_aBratislava
_c1966
020 _c9
044 _axo
_cSK
041 _aslo
999 _c10521
_d10521